000
00312nam a22001337a 4500
008
170616b xxu||||| |||| 00| 0 eng d
020
_a
67025291
041
_a
eng
080
_a
32
100
_a
20
101
_a
94
245
_a
CHILDREN ARE THE REVOLUTION DAY CARE IN CUBA
_c
LEINER.M
942
_2
udc
_c
BK
999
_c
17788
_d
17788